| 000 | 01422cam a22003857a 4500 | ||
|---|---|---|---|
| 003 | CHAP | ||
| 005 | 20220329142558.0 | ||
| 008 | 010920d2001 mx r 00110 spa d | ||
| 010 | _a85216 | ||
| 011 | _a86188 | ||
| 035 | _a96726 | ||
| 040 | _cCHAP | ||
| 090 | _aTesis | ||
| 100 | 0 | 0 |
_aCruz Morales, Albino. _929515 |
| 245 | 1 | 0 |
_aDiagnóstico de recursos naturales en el área de influencia de San Juan Ahuehueco, municipio de Tepehuacán de Guerrero, Hidalgo _c/por Albino Cruz Morales |
| 260 |
_aChapingo, Méx. : _bEl autor, _c2001. |
||
| 300 | _a127 h. | ||
| 502 | _aTesis (ing. en Agroecología) -- UACH. Departamento de Agroecología | ||
| 590 |
_aALEPH _b10 _c20130110 _lUCH01 _h1445 |
||
| 590 |
_aBATCH-UPD _b10 _c20130110 _lUCH01 _h1634 |
||
| 590 |
_aBATCH-UPD _b10 _c20130410 _lUCH01 _h1026 |
||
| 590 |
_aBATCH-UPD _b10 _c20130914 _lUCH01 _h0737 |
||
| 590 |
_aBATCH-UPD _b10 _c20190912 _lUCH01 _h1141 |
||
| 590 |
_aCONVERSION _b10 _c20130109 _lUCH01 _h1347 |
||
| 650 | 1 | 4 |
_aAgua _xConservacion _xHidalgo. _92328 |
| 650 | 1 | 4 |
_aBotánica _xHidalgo. _914551 |
| 650 | 1 | 4 |
_aRecursos naturales _xConservación _zHidalgo. _995264 |
| 650 | 1 | 4 |
_aRecursos naturales _zHidalgo. _995328 |
| 650 | 1 | 4 |
_aSuelos _zHidalgo. _9110522 |
| 901 | _aBK | ||
| 905 | _aAlejandra Carrasco M. | ||
| 942 | _cFOLL | ||
| 949 |
_aTesis _bBC _cTES _d33724000860029 _eTS2 _fc.2 _h39014 _i96726 _si |
||
| 949 |
_aTesis _bBC _cTES _d967261 _eTS1 _h39013 _i96726 _sb |
||
| 999 |
_c85216 _d85216 |
||